000
00329 a2200133 4500
000
nam a22 7a 4500
100
_a
Mittal, pooja
110
_a
Mittal, pooja
245
_a
Mastering Data Science
250
_a
latest edition
260
_b
The Readers Paradise
_c
2026
264
_b
The Readers Paradise
_c
2026
942
_c
BK
999
_c
396857
_d
396857